000 00777nam a2200253Ia 4500
003 OSt
005 20220923220915.0
006 a|||||r|||| 00| 0
007 ta
008 220922b |||||||| |||| 00| 0 hin d
024 _a192,054
037 _cTextual
040 _aARTS
_cARTS
_bhin
041 _2hin
_ahin
082 _aS6, 152L5-;2
100 _aभाटिया, हंसराज
245 0 _aअसामान्य मनोविज्ञान
246 _aAsāmānya hinovijnyāna
250 _aसस्क0 7
260 _aदिल्ली
_b राजकमल प्रकाशन
_c1975
300 _a368पृ.
_ccm.
942 _hS6, 152L5-;2
_cTEXL
_2CC
999 _c344700
_d344700